Poesía de sal y arena / (Registro nro. 13751)

Detalles MARC
000 -LEADER
fixed length control field 00849nam a2200265 a 4500
001 - CONTROL NUMBER
control field
003 - CONTROL NUMBER IDENTIFIER
control field DO-SdBNP
005 - DATE AND TIME OF LATEST TRANSACTION
control field 20211004104625.0
008 - FIXED-LENGTH DATA ELEMENTS--GENERAL INFORMATION
fixed length control field 091001s2002 dr a r 000 0 spa d
020 ## - INTERNATIONAL STANDARD BOOK NUMBER
International Standard Book Number 9993472212
040 ## - CATALOGING SOURCE
Original cataloging agency DO-SdBNP
Language of cataloging spa
Transcribing agency BPMSU
082 ## - DEWEY DECIMAL CLASSIFICATION NUMBER
Classification number M861.5
Item number C718p 2002
Edition number 22
100 1# - MAIN ENTRY--PERSONAL NAME
Personal name Colombo, Laura,
Dates associated with a name 1969-
245 10 - TITLE STATEMENT
Title Poesía de sal y arena /
Statement of responsibility, etc. Laura Colombo ; edición Ramón E. Colombo ; prólogo Andrés L. Mateo.
260 ## - PUBLICATION, DISTRIBUTION, ETC. (IMPRINT)
Place of publication, distribution, etc. Santo Domingo :
Name of publisher, distributor, etc. Taller,
Date of publication, distribution, etc. 2002.
300 ## - PHYSICAL DESCRIPTION
Extent 136 p. :
Other physical details il. ;
Dimensions 21 cm.
500 ## - GENERAL NOTE
General note Incluye datos biográficos del autor en la solapa de la cubierta.
590 ## - LOCAL NOTE (RLIN)
Local note Inventariado, 2021/VM
650 #4 - SUBJECT ADDED ENTRY--TOPICAL TERM
Topical term or geographic name as entry element Poesía mexicana
650 #4 - SUBJECT ADDED ENTRY--TOPICAL TERM
Topical term or geographic name as entry element Literatura mexicana
700 1# - ADDED ENTRY--PERSONAL NAME
Personal name Colombo, Ramón E.,
Relator term ed.
700 ## - ADDED ENTRY--PERSONAL NAME
Personal name Mateo, Andrés L., 1946-
Relator term pról.
9 (RLIN) 3
910 ## - USER-OPTION DATA (OCLC)
User-option data VMateo V.
942 ## - ADDED ENTRY ELEMENTS (KOHA)
Source of classification or shelving scheme Dewey Decimal Classification
Koha item type Libros
Existencias
Withdrawn status Lost status Source of classification or shelving scheme Damaged status Not for loan Collection code Home library Current library Date acquired Source of acquisition Full call number Barcode Date last seen Price effective from Koha item type Copy number Total Checkouts
    Dewey Decimal Classification     Colección Dominicana Biblioteca Pública Metropolitana Salomé Ureña Biblioteca Pública Metropolitana Salomé Ureña 10/04/2021 Compra BPMSU CD M861.5 C718p 2002 BPMSU21100026 10/04/2021 10/04/2021 Libros    
    Dewey Decimal Classification     Colección Dominicana Biblioteca Pública Metropolitana Salomé Ureña Biblioteca Pública Metropolitana Salomé Ureña 10/04/2021 Compra BPMSU CD M861.5 C718p 2002 BPMSU21100027 10/04/2021 10/04/2021 Libros e.2  
    Dewey Decimal Classification     Colección Dominicana Biblioteca Pública Metropolitana Salomé Ureña Biblioteca Pública Metropolitana Salomé Ureña 10/04/2021 Compra BPMSU CD M861.5 C718p 2002 BPMSU21100028 10/04/2021 10/04/2021 Libros e.3